[Event "Offene Hessische Senioren Einzelmeisters"]
[Site "Bad Sooden- Allendorf"]
[Date "2013.04.28"]
[Round "9.39"]
[White "Görtz, Hans"]
[Black "Garms, Ilse"]
[Result "1-0"]
[WhiteElo "1813"]
[BlackElo "1551"]
[PlyCount "68"]
[EventDate "2013.??.??"]
[WhiteTeam "DJK Wacker Bergeborbeck 1922"]
[BlackTeam "Brandenburger LSSV"]

1. d4 d6 2. c4 Nf6 3. Nc3 g6 4. e4 Bg7 5. f3 O-O 6. Be3 c6 7. Bd3 Nbd7 8. Nge2
a6 9. a4 e5 10. d5 cxd5 11. exd5 Nc5 12. Bc2 Re8 13. O-O Re7 14. Ng3 Qf8 15.
Bg5 Rc7 16. Qe2 Ncd7 17. a5 Bh6 18. h4 Ne8 19. Bd8 Bf4 20. Nge4 Qh6 21. g3 Be3+
22. Kg2 Bc5 23. Bxc7 Nxc7 24. Ba4 Nf8 25. Nxc5 dxc5 26. Qxe5 Nxd5 27. Nxd5 Ne6
28. Nb6 Qd2+ 29. Rf2 Qxa5 30. Nxa8 b5 31. Qb8 bxa4 32. Qxc8+ Kg7 33. Qb8 Nd4
34. Qb6 Nb3 1-0

[Event "Offene Hessische Senioren Einzelmeisters"]
[Site "Bad Sooden- Allendorf"]
[Date "2013.04.28"]
[Round "9.40"]
[White "Mayeres, Hans-Christian"]
[Black "Rollwitz, Jürgen"]
[Result "0-1"]
[WhiteElo "1690"]
[BlackElo "1804"]
[PlyCount "56"]
[EventDate "2013.??.??"]
[WhiteTeam "SK Recklinghausen Altsta"]
[BlackTeam "SG Wedding e.V."]

1. c4 d6 2. Nc3 e5 3. g3 c6 4. e4 g6 5. Bg2 Bg7 6. d3 Nf6 7. Nge2 Na6 8. O-O
O-O 9. f4 Qb6+ 10. Kh1 Ng4 11. d4 exd4 12. Na4 Qb4 13. Nxd4 Qxc4 14. Nf3 Qxe4
15. Ne5 Qf5 16. Qxd6 Nxe5 17. fxe5 Qxe5 18. Qa3 Be6 19. Bf4 Qb5 20. Nc3 Qc4 21.
Rfc1 Qd3 22. Rd1 Qf5 23. Ne4 Bd5 24. Re1 Rfe8 25. Nd6 Bxg2+ 26. Kxg2 Qd5+ 27.
Kh3 Rxe1 28. Rxe1 Bf8 0-1

[Event "Offene Hessische Senioren Einzelmeisters"]
[Site "Bad Sooden- Allendorf"]
[Date "2013.04.28"]
[Round "9.41"]
[White "Berger, Volkmar"]
[Black "Schlag, Franz"]
[Result "0-1"]
[WhiteElo "1547"]
[BlackElo "1801"]
[Annotator ",Meiwald"]
[PlyCount "162"]
[EventDate "2013.??.??"]
[WhiteTeam "BSV-KW Jänschwalde 94 e.V."]
[BlackTeam "SK Turm Bad Hersfeld"]

1. Nf3 Nf6 2. g3 c6 3. Bg2 d5 4. d3 Bg4 5. O-O Bxf3 6. Bxf3 e5 7. e4 Be7 8. Nc3
O-O 9. b3 Na6 10. a3 Nc7 11. Bb2 Ne6 12. Bg2 Bc5 13. h3 Bd4 14. Na4 $11 Bxb2
15. Nxb2 Qc7 16. Rc1 Rad8 17. Qe1 Nd4 18. a4 Rfe8 19. Nd1 g6 20. Qe3 Qb6 21.
Kh2 Kg7 22. Nc3 Qa5 23. Ne2 c5 24. Rfd1 a6 25. Qd2 Qb6 26. Nc3 dxe4 27. Nxe4
Nd5 28. Rb1 f5 29. Nc3 Nb4 30. Rb2 e4 31. Qc1 exd3 32. cxd3 Qc7 33. a5 Qxa5 34.
Bxb7 Qc7 35. Bg2 Qf7 36. Na4 Rc8 37. Qc4 Qxc4 38. dxc4 Red8 39. Rbd2 Nbc2 40.
Rd3 Re8 41. Bb7 Rc7 42. Bxa6 Re2 43. Kg1 g5 44. Kf1 Re5 45. Nc3 Nb4 46. Nb5
Rce7 47. f4 Re2 48. Nxd4 cxd4 49. Bc8 Nxd3 50. Rxd3 Rb2 51. Bxf5 Ra7 52. Bg4
Ra1+ 53. Rd1 Rxd1+ 54. Bxd1 gxf4 55. gxf4 Kf6 56. c5 Rb1 57. Ke2 Rc1 58. b4 Rc4
59. c6 Rxb4 60. Kd3 Ke7 61. Bg4 Kd6 62. Bd7 h6 63. f5 Rb3+ 64. Kxd4 Rxh3 65.
Ke4 Rh1 66. Kf4 Rg1 67. Kf3 h5 68. Kf4 Rg4+ 69. Kf3 Rc4 70. Kg3 Ke5 71. Be8 h4+
72. Kh3 Kxf5 73. c7 Kg5 74. c8=Q Rxc8 75. Bd7 Rc3+ 76. Kh2 Kf4 77. Bh3 Rc2+ 78.
Kh1 Kg3 79. Bf1 Rc1 80. Kg1 h3 81. Kh1 Rxf1# 0-1

[Event "Offene Hessische Senioren Einzelmeisters"]
[Site "Bad Sooden- Allendorf"]
[Date "2013.04.28"]
[Round "9.42"]
[White "Smits, Oswald"]
[Black "Mentel, Dr. Jürgen"]
[Result "0-1"]
[WhiteElo "1678"]
[BlackElo "1852"]
[Annotator ",Meiwald"]
[PlyCount "43"]
[EventDate "2013.??.??"]
[WhiteTeam "Sfr. Taunus Königstein/Schwalbac"]
[BlackTeam "Greifswalder SV"]

1. d4 d6 2. Nf3 Bg4 3. e3 c6 4. Be2 Nd7 5. Nbd2 Qc7 6. h3 Bh5 7. O-O e5 8. dxe5
dxe5 9. c3 Rd8 10. Qa4 Nb6 11. Qb3 f6 12. Re1 Bf7 13. Qc2 Ne7 14. a4 Ng6 15. a5
Nd5 16. b3 Be6 17. Bd3 Qf7 18. Ne4 Be7 19. Ng3 O-O 20. Nf5 Bc5 21. Bb2 Rfe8 22.
b4 {Rest nicht rekonstruierbar} 0-1

[Event "Offene Hessische Senioren Einzelmeisters"]
[Site "Bad Sooden- Allendorf"]
[Date "2013.04.28"]
[Round "9.43"]
[White "Leutz, Hans"]
[Black "Jung, Prof. Michael"]
[Result "1-0"]
[WhiteElo "1832"]
[BlackElo "1669"]
[Annotator ",Meiwald"]
[PlyCount "83"]
[EventDate "2013.??.??"]
[WhiteTeam "SV Ebersbach"]
[BlackTeam "SV Osnabrück"]

1. d4 g6 2. Nf3 Bg7 3. e3 d6 4. Bd3 Nd7 5. Nbd2 e6 6. O-O Ne7 7. c3 O-O 8. Bc2
b6 9. e4 Bb7 10. Re1 h6 11. Nf1 f5 12. exf5 exf5 13. Bb3+ Kh7 14. h4 Nf6 $11
15. N1h2 Ne4 16. Bc2 d5 17. Bf4 Ng8 18. Rc1 Re8 19. g3 Re7 20. Ne5 Qe8 21. Nhf3
Re6 22. Bb3 c6 23. Kg2 Qe7 24. Rh1 h5 25. Bc2 Bh6 26. Rh3 Bxf4 27. gxf4 Ngf6
$11 28. Qe2 Ng4 29. Bxe4 dxe4 30. Ng5+ Kg7 31. Nxe6+ Qxe6 32. Qc4 Qxc4 33. Nxc4
c5 34. dxc5 e3+ 35. f3 Nf2 36. Rg3 bxc5 37. Nxe3 Nd3 38. Rg1 Nxf4+ 39. Kh2 Rf8
40. Rd1 Rf7 41. Rd6 Re7 42. Nxf5+ 1-0

[Event "Offene Hessische Senioren Einzelmeisters"]
[Site "Bad Sooden- Allendorf"]
[Date "2013.04.28"]
[Round "9.44"]
[White "Plischke, Berthold"]
[Black "Hesse, Klaus Dieter"]
[Result "1/2-1/2"]
[WhiteElo "1828"]
[BlackElo "1668"]
[Annotator ",Meiwald"]
[PlyCount "73"]
[EventDate "2013.??.??"]
[WhiteTeam "SV Wesel 1928 e.V."]
[BlackTeam "SK Stadtallendorf"]

1. e4 e5 2. Nf3 Nf6 3. Nxe5 d6 4. Nf3 Nxe4 5. Nc3 Nxc3 6. dxc3 g6 7. Bg5 Be7 8.
Bh6 Nc6 9. Qd2 Bg4 10. Ng5 Bxg5 11. Bxg5 f6 12. Be3 Be6 13. O-O-O Kf7 14. f4
Qd7 15. Bd3 Rae8 16. Rdf1 h5 17. h3 Bf5 18. Bc4+ Be6 19. Be2 Bf5 20. Bf3 Be6
21. Rhg1 f5 22. Qf2 Bc4 23. Re1 a5 24. b3 Be6 25. Re2 Kg8 26. Rge1 Bf7 27. Bxc6
bxc6 28. Bd4 Rh7 29. Qh4 Rxe2 30. Rxe2 Be8 31. c4 c5 32. Bc3 a4 $11 33. Bf6
axb3 34. axb3 c6 35. Qg5 d5 36. Be7 Bf7 37. Qf6 1/2-1/2

[Event "Offene Hessische Senioren Einzelmeisters"]
[Site "Bad Sooden- Allendorf"]
[Date "2013.04.28"]
[Round "9.45"]
[White "Fromme, Werner"]
[Black "Schnaitmann, Herbert"]
[Result "1/2-1/2"]
[WhiteElo "1643"]
[BlackElo "1818"]
[PlyCount "40"]
[EventDate "2013.??.??"]
[WhiteTeam "SG Witten"]
[BlackTeam "SC Grunbach"]

1. d4 d5 2. Nf3 Nf6 3. e3 g6 4. g3 b6 5. Nbd2 Bg7 6. Ne5 Nfd7 7. Nxd7 Qxd7 8.
Bg2 Ba6 9. c4 c6 10. Qc2 O-O 11. b4 Bb7 12. Rb1 Na6 13. c5 Nc7 14. O-O bxc5 15.
bxc5 Ba6 16. Re1 Rfb8 17. Rxb8+ Rxb8 18. Nb3 Bb5 19. Na5 Ne6 20. Bd2 Nd8
1/2-1/2

[Event "Offene Hessische Senioren Einzelmeisters"]
[Site "Bad Sooden- Allendorf"]
[Date "2013.04.28"]
[Round "9.46"]
[White "Schneider, Miloca"]
[Black "Husser, Oskar"]
[Result "1/2-1/2"]
[WhiteElo "1799"]
[BlackElo "1664"]
[PlyCount "46"]
[EventDate "2013.??.??"]
[WhiteTeam "SG Witten"]
[BlackTeam "SC Caissa Falkensee e.V."]

1. d4 Nf6 2. c4 e5 3. dxe5 Ng4 4. Nf3 Bc5 5. e3 Nc6 6. Nc3 Ngxe5 7. Nxe5 Nxe5
8. Be2 d6 9. O-O O-O 10. b3 a6 11. e4 Be6 12. Kh1 Qh4 13. g3 Qh3 14. Nd5 Ng4
15. Bxg4 Qxg4 16. f3 Qh5 17. g4 Qe5 18. Rb1 Bxd5 19. cxd5 Rfe8 20. Bb2 Qf4 21.
Qc2 b5 22. Qe2 f6 23. b4 Bb6 1/2-1/2

[Event "Offene Hessische Senioren Einzelmeisters"]
[Site "Bad Sooden- Allendorf"]
[Date "2013.04.28"]
[Round "9.47"]
[White "Kolkwitz, Klaus"]
[Black "Türtmann, Dieter"]
[Result "1/2-1/2"]
[WhiteElo "1658"]
[BlackElo "1797"]
[PlyCount "67"]
[EventDate "2013.??.??"]
[WhiteTeam "ESV 1949 Eberswalde e.V."]
[BlackTeam "ESV 1949 Eberswalde e.V."]

1. d4 Nf6 2. Bf4 e6 3. e3 d5 4. Nd2 b6 5. Ngf3 Be7 6. Bd3 O-O 7. h3 c5 8. c3
Bb7 9. O-O Ne4 10. Bc2 f5 11. Ne5 Nc6 12. Nxe4 fxe4 13. Qh5 Nxe5 14. Bxe5 Bf6
15. Bxf6 Qxf6 16. f3 Ba6 17. Rf2 g6 18. Qe5 cxd4 19. Qxf6 Rxf6 20. cxd4 Raf8
21. f4 Rc8 22. Bb3 Rf7 23. Rc2 Rxc2 24. Bxc2 Rc7 25. Bb3 Kf7 26. g4 Bc4 27. Bd1
Bd3 28. Kf2 Kf6 29. g5+ Ke7 30. Ke1 Kd6 31. Kd2 h6 32. Rc1 Rh7 33. gxh6 Rxh6
34. Bg4 1/2-1/2

[Event "Offene Hessische Senioren Einzelmeisters"]
[Site "Bad Sooden- Allendorf"]
[Date "2013.04.28"]
[Round "9.48"]
[White "Schütze, Manfred"]
[Black "Fritsch, Dr. Jürgen"]
[Result "0-1"]
[WhiteElo "1629"]
[BlackElo "1779"]
[Annotator ",Meiwald"]
[PlyCount "89"]
[EventDate "2013.??.??"]
[WhiteTeam "VfL Gräfenhainichen"]
[BlackTeam "SK Lister Turm"]

1. e4 e5 2. Nf3 Nc6 3. Bb5 Bc5 4. c3 Nge7 5. O-O O-O 6. d4 exd4 7. cxd4 Bb6 8.
d5 Nb8 9. Nc3 d6 10. Na4 Nd7 11. Nxb6 $11 Nxb6 12. Nd4 a6 13. Bd3 Ng6 14. Qc2
Bd7 15. f4 Rc8 16. Qf2 c5 17. dxc6 Bxc6 18. Be3 Nd7 19. Nxc6 Rxc6 20. Rac1 Nc5
21. Bb1 Nd7 22. Rxc6 bxc6 23. Qe2 Nb8 24. Rd1 Qf6 25. Qf2 Re8 26. g3 Nf8 27.
Bd4 Qe7 28. b3 Ne6 29. Qb2 f6 30. Bf2 Nc7 31. Qc2 g6 32. a4 Kg7 33. Bd4 c5 34.
Bf2 Nc6 35. Qd2 Rd8 36. Qb2 Ne6 37. Qe2 Nb4 38. Qc4 a5 39. Kg2 Nc7 40. Kg1 Qe6
41. Qxe6 Nxe6 42. f5 gxf5 43. exf5 Ng5 44. Bxc5 d5 45. Bxb4 0-1

[Event "Offene Hessische Senioren Einzelmeisters"]
[Site "Bad Sooden- Allendorf"]
[Date "2013.04.28"]
[Round "9.49"]
[White "Roth, Reinhard"]
[Black "Thielemann, Joachim"]
[Result "0-1"]
[WhiteElo "1604"]
[BlackElo "1777"]
[Annotator ",Meiwald"]
[PlyCount "76"]
[EventDate "2013.??.??"]
[WhiteTeam "Sfr. Taunus Königstein/Schwalbac"]
[BlackTeam "TSV Hessenstein"]

1. e4 e5 2. d4 exd4 3. Qxd4 Nc6 4. Qe3 Bb4+ 5. Nc3 Nf6 6. Bd2 Qe7 7. Bd3 O-O 8.
O-O-O Re8 9. f4 d6 10. h3 Bxc3 11. Bxc3 Nxe4 12. Bxe4 Qxe4 13. Qg3 Qe3+ 14.
Qxe3 Rxe3 15. Nf3 Bd7 16. Bd2 Re2 17. g4 Rae8 18. Rhf1 g6 19. Rg1 a5 20. f5 b5
21. h4 b4 22. h5 Rf2 23. Ne1 Nd4 24. Kb1 Nf3 25. Nxf3 Rxf3 26. Bh6 Rf2 27. Rd2
Ree2 28. Rxe2 Rxe2 29. hxg6 fxg6 30. b3 Kf7 31. Bg5 gxf5 32. Bd8 fxg4 33. Bxc7
Bf5 34. Rf1 Ke6 35. Bxa5 Bxc2+ 36. Kc1 Bd3 37. Rf4 Rc2+ 38. Kd1 Rxa2 {Rest
nicht rekonstruierbar} 0-1

[Event "Offene Hessische Senioren Einzelmeisters"]
[Site "Bad Sooden- Allendorf"]
[Date "2013.04.28"]
[Round "9.50"]
[White "Stuiber, Wilhelm"]
[Black "Reimann, Günther"]
[Result "1/2-1/2"]
[WhiteElo "1627"]
[BlackElo "1771"]
[PlyCount "53"]
[EventDate "2013.??.??"]
[WhiteTeam "SK Turm Euskirchen 65"]
[BlackTeam "SC Magstadt"]

1. e3 e6 2. d4 d5 3. Bd3 Nf6 4. f4 c5 5. c3 Nc6 6. Nf3 c4 7. Bc2 b5 8. O-O Qc7
9. Nbd2 g6 10. Ne5 Bg7 11. Qe2 Nd7 12. Nxc6 Qxc6 13. e4 O-O 14. e5 a5 15. a3
Ba6 16. Nf3 Rfb8 17. Be3 b4 18. Rfb1 Bf8 19. axb4 axb4 20. Ba4 Bb5 21. Bxb5
Qxb5 22. Qd1 b3 23. Rxa8 Rxa8 24. Ra1 Ra4 25. Rxa4 Qxa4 26. Bc1 Nb6 27. Qd2
1/2-1/2

[Event "Offene Hessische Senioren Einzelmeisters"]
[Site "Bad Sooden- Allendorf"]
[Date "2013.04.28"]
[Round "9.51"]
[White "Jauch, Dieter"]
[Black "Klüver, Horst"]
[Result "1-0"]
[WhiteElo "1756"]
[BlackElo "1644"]
[PlyCount "53"]
[EventDate "2013.??.??"]
[WhiteTeam "SK Bietigheim-Bissingen"]
[BlackTeam "SV Merkur Hademarschen"]

1. d4 d5 2. Nf3 e6 3. e3 Nf6 4. Bd3 a6 5. Nbd2 c5 6. c3 Bd7 7. a4 c4 8. Bc2 Qc7
9. Ne5 Bd6 10. f4 Bc6 11. Qf3 b5 12. axb5 axb5 13. Rxa8 Bxa8 14. O-O O-O 15. g4
Ne4 16. Nxe4 f6 17. Nxd6 Qxd6 18. Qh3 f5 19. gxf5 exf5 20. Bxf5 g6 21. Be6+ Kg7
22. f5 Rf6 23. e4 h5 24. Qe3 gxf5 25. Qg5+ Kh7 26. Qxf6 Nd7 27. Qg6+ 1-0

[Event "Offene Hessische Senioren Einzelmeisters"]
[Site "Bad Sooden- Allendorf"]
[Date "2013.04.28"]
[Round "9.52"]
[White "Kirchberg, Hans-Georg"]
[Black "Voermans, Adri"]
[Result "1/2-1/2"]
[WhiteElo "1597"]
[BlackElo "1756"]
[PlyCount "26"]
[EventDate "2013.??.??"]
[WhiteTeam "SK Dingelstädt 1921"]
[BlackTeam "Discendo Discimus"]

1. d4 Nf6 2. Nf3 g6 3. e3 c5 4. c3 b6 5. Nbd2 Bb7 6. Bd3 Bg7 7. O-O O-O 8. Re1
d5 9. e4 dxe4 10. Nxe4 Nxe4 11. Bxe4 Bxe4 12. Rxe4 Nd7 13. dxc5 bxc5 1/2-1/2

[Event "Offene Hessische Senioren Einzelmeisters"]
[Site "Bad Sooden- Allendorf"]
[Date "2013.04.28"]
[Round "9.53"]
[White "Fleischer, Martin"]
[Black "Papapostolou, Christos"]
[Result "0-1"]
[WhiteElo "1746"]
[BlackElo "1950"]
[Annotator ",Meiwald"]
[PlyCount "20"]
[EventDate "2013.??.??"]
[WhiteTeam "SV Einheit Schwerin"]
[BlackTeam "SK Bad Sooden-Allendorf"]

1. e4 c5 2. Nf3 a6 3. a4 d6 4. Nc3 Nc6 5. d4 cxd4 6. Nxd4 Nf6 7. Nxc6 bxc6 8.
Bd3 Rb8 9. O-O e6 10. b3 e5 {fehlende Notation} 0-1

[Event "Offene Hessische Senioren Einzelmeisters"]
[Site "Bad Sooden- Allendorf"]
[Date "2013.04.28"]
[Round "9.54"]
[White "Ranker, Klemens"]
[Black "Berger, Eduard"]
[Result "1-0"]
[WhiteElo "1744"]
[BlackElo "1637"]
[PlyCount "63"]
[EventDate "2013.??.??"]
[WhiteTeam "SC Hauptstuhl"]
[BlackTeam "SK Stadtallendorf"]

1. e4 c5 2. Bc4 Nc6 3. Nc3 Nf6 4. d3 e6 5. Nge2 a6 6. a4 d5 7. exd5 exd5 8. Ba2
Be6 9. Nf4 Nb4 10. Nxe6 fxe6 11. Bb3 Bd6 12. Qe2 Qd7 13. O-O O-O 14. Bg5 h6 15.
Bh4 Nc6 16. Qd1 Nd4 17. Ba2 b5 18. Ne2 Nf5 19. Bg3 Nxg3 20. Nxg3 Qc7 21. Qe2
Rfe8 22. Rfe1 Kh8 23. axb5 axb5 24. Bb3 b4 25. c3 bxc3 26. bxc3 d4 27. cxd4
cxd4 28. Ba2 e5 29. Ne4 Nxe4 30. Qxe4 Qe7 31. g3 Qf6 32. Re2 1-0

[Event "Offene Hessische Senioren Einzelmeisters"]
[Site "Bad Sooden- Allendorf"]
[Date "2013.04.28"]
[Round "9.55"]
[White "Merettig, Georg"]
[Black "Vladov, Mark"]
[Result "0-1"]
[WhiteElo "1727"]
[BlackElo "1615"]
[Annotator ",Microsoft"]
[PlyCount "70"]
[EventDate "2013.??.??"]
[WhiteTeam "SV Caissa Wolfenbüttel"]
[BlackTeam "SF Ostsee Warnemünde"]

1. Nc3 d5 2. e4 d4 3. Nce2 c5 4. f4 Nc6 5. Nf3 Bg4 6. Ng3 e5 7. d3 Bd6 8. f5
Nf6 9. Be2 h6 10. O-O Bxf3 11. Bxf3 Qc7 12. a3 a5 13. Nh5 Qe7 14. Nxg7+ Kd7 15.
Nh5 Rag8 16. Nxf6+ Qxf6 17. Bd2 Rh7 18. c3 h5 19. Rb1 b5 20. Qe1 b4 21. axb4
cxb4 22. c4 Bf8 23. b3 Bh6 24. Bxh6 Qxh6 25. Qc1 Qf6 26. c5 Qh6 27. Qc4 Kc7 28.
Ra1 Qd2 29. Rfd1 Qc3 30. Rdc1 Qxc4 31. Rxc4 f6 32. Rc2 Kb7 33. Bd1 Ka6 34. Bf3
h4 35. h3 Kb5 {Rest nicht rekonstruierbar} 0-1

[Event "Offene Hessische Senioren Einzelmeisters"]
[Site "Bad Sooden- Allendorf"]
[Date "2013.04.28"]
[Round "9.56"]
[White "Van Vorselen, Theo"]
[Black "Burckhardt, Karl"]
[Result "0-1"]
[WhiteElo "1595"]
[BlackElo "1725"]
[PlyCount "126"]
[EventDate "2013.??.??"]
[WhiteTeam "DD Den Haag"]
[BlackTeam "SC Fulda"]

1. e4 e5 2. Nf3 Nc6 3. Nc3 Nf6 4. d4 exd4 5. Nxd4 Bb4 6. Nxc6 Bxc3+ 7. bxc3
dxc6 8. Qxd8+ Kxd8 9. Bg5 h6 10. Bxf6+ gxf6 11. Bc4 Be6 12. Bxe6 fxe6 13. Rd1+
Ke7 14. Ke2 Rad8 15. Rd3 Rd6 16. Rhd1 Rhd8 17. f4 b5 18. g4 c5 19. h4 c4 20.
Rd4 Kf7 21. Ke3 a5 22. e5 Rd5 23. Ke4 c6 24. Rxd5 cxd5+ 25. Kd4 Rg8 26. Rg1 b4
27. g5 bxc3 28. Rb1 fxg5 29. fxg5 hxg5 30. Rb7+ Kg6 31. hxg5 Kxg5 32. Ra7 Kf5
33. Rxa5 Rg4+ 34. Kxc3 Kxe5 35. a4 Rg3+ 36. Kb2 Kd4 37. Ra6 e5 38. a5 e4 39.
Ra8 Kc5 40. a6 Rg7 41. a7 Rb7+ 42. Kc1 Kd4 43. Kd2 c3+ 44. Ke2 Rf7 45. Kd1 Ke3
46. Ke1 Rb7 47. Kf1 d4 48. Rh8 Rxa7 49. Rh3+ Kf4 50. Rh4+ Ke5 51. Rh5+ Kd6 52.
Rh4 Re7 53. Ke2 Kd5 54. Rh5+ Re5 55. Rh8 Kc4 56. Rc8+ Rc5 57. Re8 d3+ 58. cxd3+
exd3+ 59. Kd1 c2+ 60. Kd2 Kd4 61. Re1 c1=Q+ 62. Rxc1 Rxc1 63. Kxc1 Kc3 0-1

[Event "Offene Hessische Senioren Einzelmeisters"]
[Site "Bad Sooden- Allendorf"]
[Date "2013.04.28"]
[Round "9.57"]
[White "Hentzschel, Erhard"]
[Black "Strozewski, Günter"]
[Result "1-0"]
[WhiteElo "1723"]
[BlackElo "1604"]
[PlyCount "54"]
[EventDate "2013.??.??"]
[WhiteTeam "Peiner SV"]
[BlackTeam "SV Erkenschwick 1923 e"]

1. e4 d6 2. d4 g6 3. Bd3 Bg7 4. c3 Nf6 5. Nf3 O-O 6. O-O b6 7. Bg5 c5 8. e5
dxe5 9. dxe5 Nfd7 10. Be4 f6 11. exf6 exf6 12. Be3 Qe7 13. Bxa8 Ne5 14. Nxe5
fxe5 15. Be4 Rd8 16. Qc2 Nd7 17. Rd1 Rf8 18. Nd2 Nf6 19. Bg5 Qf7 20. Bxf6 Qxf6
21. Nf3 Bg4 22. Rf1 Bh6 23. Rad1 Bf4 24. Qd3 Kg7 25. Qd6 Be6 26. g3 Re8 27.
gxf4 Qxf4 1-0

[Event "Offene Hessische Senioren Einzelmeisters"]
[Site "Bad Sooden- Allendorf"]
[Date "2013.04.28"]
[Round "9.59"]
[White "Meinke, Dietlind"]
[Black "Dombrowe, Eckehard"]
[Result "1/2-1/2"]
[WhiteElo "1711"]
[BlackElo "1562"]
[Annotator ",Microsoft"]
[PlyCount "55"]
[EventDate "2013.??.??"]
[WhiteTeam "MTV Leck von 1889"]
[BlackTeam "SG Nettetal 1929"]

1. e4 e5 2. Nf3 Nf6 3. Bc4 Nxe4 4. Nc3 Nxc3 5. dxc3 c6 6. Nxe5 d5 7. Bd3 Bd6 8.
Nf3 O-O 9. O-O Bg4 10. h3 Bh5 11. Be3 Nd7 12. Be2 Re8 13. Re1 Nf6 14. Nd2 Bxe2
15. Rxe2 Ne4 16. Qe1 Kf8 17. Nxe4 Rxe4 18. Rd1 Qh4 19. Rd4 Rae8 20. Qd2 Qd8 21.
b3 a6 22. Re1 Bc7 23. Rxe4 dxe4 24. Bc5+ Kg8 25. Rd1 f5 26. Qxd8 Rxd8 27. Rd4
Rxd4 28. cxd4 {Rest nicht rekonstruierbar} 1/2-1/2

[Event "Offene Hessische Senioren Einzelmeisters"]
[Site "Bad Sooden- Allendorf"]
[Date "2013.04.28"]
[Round "9.60"]
[White "Weyand, Fernand"]
[Black "Piastowski, Kurt"]
[Result "1/2-1/2"]
[WhiteElo "1570"]
[BlackElo "1709"]
[PlyCount "37"]
[EventDate "2013.??.??"]
[WhiteTeam "SV Saarbrücken 1970 e.V."]
[BlackTeam "SC Turm Lüneburg e.V."]

1. e4 d6 2. d4 c6 3. Bd3 Qc7 4. Nf3 e5 5. Be3 Nf6 6. c3 Bg4 7. Nbd2 Be7 8. h3
Bh5 9. Nf1 Nbd7 10. Ng3 Bg6 11. Qd2 a6 12. Bc2 O-O-O 13. O-O d5 14. exd5 Nxd5
15. Nf5 Bf6 16. dxe5 Nxe5 17. Nxe5 Bxe5 18. Qe2 Nxe3 19. Nxe3 1/2-1/2

[Event "Offene Hessische Senioren Einzelmeisters"]
[Site "Bad Sooden- Allendorf"]
[Date "2013.04.28"]
[Round "9.62"]
[White "Bill, Eugen"]
[Black "Kleist, Werner"]
[Result "1-0"]
[WhiteElo "1496"]
[BlackElo "1900"]
[PlyCount "61"]
[EventDate "2013.??.??"]
[WhiteTeam "SV Lahn Limburg"]
[BlackTeam "Berlin"]

1. d4 d5 2. Nf3 Nf6 3. c4 c6 4. Nc3 Bf5 5. cxd5 cxd5 6. Bg5 e6 7. Qb3 Qd7 8. e3
a6 9. Ne5 Qc7 10. Rc1 Nc6 11. Bxf6 gxf6 12. Nxc6 bxc6 13. Be2 Bd6 14. h3 Ke7
15. g4 Bg6 16. f4 Rhb8 17. Qd1 Rxb2 18. f5 exf5 19. Nxd5+ cxd5 20. Rxc7+ Bxc7
21. Qc1 Bg3+ 22. Kf1 Rab8 23. Qc5+ Ke6 24. Qc6+ Bd6 25. Bd3 f4 26. e4 Bxe4 27.
Bxe4 dxe4 28. Qxe4+ Kd7 29. Qd5 Rb1+ 30. Ke2 Rxh1 31. Qxh1 1-0

[Event "Offene Hessische Senioren Einzelmeisters"]
[Site "Bad Sooden- Allendorf"]
[Date "2013.04.28"]
[Round "9.63"]
[White "Van Houten, Henk"]
[Black "Nagorni, Walter"]
[Result "0-1"]
[WhiteElo "1609"]
[BlackElo "1876"]
[PlyCount "69"]
[EventDate "2013.??.??"]
[WhiteTeam "SC Gronau 1920 e.V."]
[BlackTeam "SG Weiß-Blau Eilenriede"]

1. b3 c5 2. Bb2 Nc6 3. Nf3 Nf6 4. g3 g6 5. Bg2 Bg7 6. e4 O-O 7. d3 d6 8. O-O
Bg4 9. Nbd2 Nd4 10. c3 Nxf3+ 11. Bxf3 Bd7 12. Nc4 Rb8 13. a4 a6 14. a5 Qc7 15.
Nb6 Bc6 16. Ra2 e6 17. Re1 Rbd8 18. Qa1 Nd7 19. Nxd7 Qxd7 20. c4 Bxb2 21. Qxb2
f5 22. Bg2 f4 23. f3 e5 24. b4 h5 25. bxc5 Qe7 26. Qf2 dxc5 27. Ra3 Rd4 28. h3
Qd8 29. Bf1 Qg5 30. g4 hxg4 31. fxg4 f3 32. Re3 Qf4 33. Ra1 Kg7 34. Rae1 Bd7
35. Rb1 0-1

[Event "Offene Hessische Senioren Einzelmeisters"]
[Site "Bad Sooden- Allendorf"]
[Date "2013.04.28"]
[Round "9.64"]
[White "Hampe, Werner"]
[Black "Wittmann, Georg"]
[Result "0-1"]
[WhiteElo "1587"]
[BlackElo "1805"]
[PlyCount "142"]
[EventDate "2013.??.??"]
[WhiteTeam "SK Lister Turm"]
[BlackTeam "SV 51 Zerbst"]

1. c4 c6 2. g3 d5 3. Bg2 dxc4 4. Nf3 Nd7 5. Qc2 Nb6 6. a4 a5 7. Na3 Nf6 8. Nxc4
Nxc4 9. Qxc4 Qd5 10. Qc2 Bf5 11. d3 e6 12. O-O Qc5 13. Qd1 Be7 14. b3 Qb6 15.
Bb2 O-O 16. Rc1 Nd7 17. Rb1 Rfd8 18. h3 Bd6 19. Kh2 e5 20. Nd2 Bc5 21. Nc4 Qc7
22. Rc1 f6 23. Qc2 Rac8 24. Nd2 Bb4 25. Bc3 Ba3 26. Bb2 Bb4 27. Bc3 Bc5 28. Ne4
Bxe4 29. Bxe4 Qb6 30. Bf5 Bxf2 31. e4 Bd4 32. Bxd4 Qxd4 33. Qe2 Rc7 34. Rc4 Qd6
35. Qe3 c5 36. Rfc1 b6 37. R1c2 Nb8 38. R4c3 Nc6 39. Rf2 Nd4 40. Bg4 b5 41.
axb5 Nxb5 42. Rcc2 Qxd3 43. Be6+ Kf8 44. Qe1 Nd4 45. Bc4 Qxc2 46. Kg2 Nf3 47.
Kxf3 Qd1+ 48. Qxd1 Rxd1 49. Ra2 Ra7 50. h4 Ke7 51. Bd5 Kd6 52. Rc2 Rd4 53. Ra2
a4 54. bxa4 Raxa4 55. Rb2 Rdb4 56. Rd2 Ra3+ 57. Kg2 Rd4 58. Rb2 c4 59. Rb6+ Kc5
60. Rb7 Rxd5 61. exd5 Kxd5 62. Rxg7 c3 63. Rxh7 Ke4 64. Rc7 Ra2+ 65. Kh3 c2 66.
h5 Kd3 67. h6 Ra1 68. Kg4 c1=Q 69. Rxc1 Rxc1 70. Kf5 e4 71. h7 Rh1 0-1

[Event "Offene Hessische Senioren Einzelmeisters"]
[Site "Bad Sooden- Allendorf"]
[Date "2013.04.28"]
[Round "9.65"]
[White "Liszka, Günter"]
[Black "Narr, Irmgard"]
[Result "1-0"]
[WhiteElo "1754"]
[BlackElo "1529"]
[PlyCount "65"]
[EventDate "2013.??.??"]
[WhiteTeam "Sportfreunde Katernberg 1913 e.V"]
[BlackTeam "SC Mühlhof-Reichelsdorf e.V."]

1. e4 e6 2. d4 d5 3. Nc3 dxe4 4. Nxe4 Nf6 5. Ng3 Be7 6. Bc4 Nbd7 7. N1e2 a6 8.
a4 b6 9. O-O Bb7 10. c3 O-O 11. Qc2 Re8 12. Qb3 Nf8 13. Nf4 Bd6 14. Nd3 h6 15.
Ne5 N6d7 16. f4 Nxe5 17. fxe5 Be7 18. Qc2 Bg5 19. Qf2 Qe7 20. Bxg5 hxg5 21. Bd3
a5 22. Nh5 Ba6 23. Bxa6 Rxa6 24. Qf3 c5 25. Kh1 Ra7 26. Qh3 Rd8 27. Nf6+ gxf6
28. exf6 Qxf6 29. Rxf6 Ng6 30. Qh6 Rd5 31. Rxe6 fxe6 32. Qxg6+ Kh8 33. Qh6+ 1-0

[Event "Offene Hessische Senioren Einzelmeisters"]
[Site "Bad Sooden- Allendorf"]
[Date "2013.04.28"]
[Round "9.66"]
[White "Pajcin, Dr. Jovan"]
[Black "Samarian, Cornel"]
[Result "0-1"]
[WhiteElo "1722"]
[BlackElo "1574"]
[PlyCount "70"]
[EventDate "2013.??.??"]
[WhiteTeam "Philidor Leiden"]
[BlackTeam "SC Pegasus Lohkirchen"]

1. e4 e5 2. Nf3 Nc6 3. Nc3 Nf6 4. d4 exd4 5. Nd5 Be7 6. Nxd4 Nxd5 7. exd5 Nxd4
8. Qxd4 O-O 9. Be3 Bf6 10. Qb4 d6 11. O-O-O b6 12. Kb1 a5 13. Qb3 Bd7 14. f3 g6
15. g4 Re8 16. Bf2 c5 17. dxc6 Bxc6 18. Bb5 Rc8 19. Bc4 Qd7 20. Rhe1 Rxe1 21.
Bxe1 b5 22. Bd5 Ra8 23. Bg3 Rd8 24. h4 Bg7 25. c4 bxc4 26. Qxc4 Bb5 27. Qb3 Ba4
28. Bxf7+ Qxf7 29. Qxa4 Rb8 30. Bxd6 Rxb2+ 31. Kc1 Rxa2 32. Qc6 Ra1+ 33. Kd2
Ra2+ 34. Ke3 Qe6+ 35. Kf4 Be5+ 0-1